[Event "Villa Martelli Panno 70-A"]
[Site "Villa Martelli"]
[Date "2023.05.14"]
[Round "7"]
[White "Slipak, Sergio"]
[Black "Romero Barreto, Jaime Jose"]
[Result "1/2-1/2"]
[WhiteElo "2400"]
[BlackElo "2361"]
[PlyCount "41"]
[EventDate "2023.05.09"]
[EventType "tourn"]
[EventRounds "9"]
[EventCountry "ARG"]
[EventCategory "7"]
[SourceTitle "CBM 214 Extra"]
[Source "ChessBase"]
[SourceDate "2023.07.31"]
[SourceVersion "1"]
[SourceVersionDate "2023.07.31"]
[SourceQuality "1"]

1. d4 Nf6 2. Nf3 g6 3. Bg5 Bg7 4. Nbd2 d5 5. e3 Nc6 6. Bb5 Bd7 7. c3 0-0 8. 0-0 h6 9. Bxf6 exf6 10. e4 Ne7 11. Qb3 c6 12. Bd3 Qb6 13. Rfe1 Rfe8 14. h3 Be6 15. Qc2 Rad8 16. b4 Qc7 17. e5 Bf5 18. Re2 Bxd3 19. Qxd3 fxe5 20. Nxe5 Nc8 21. Rae1 1/2-1/2

[Event "Villa Martelli Panno 70-A"]
[Site "Villa Martelli"]
[Date "2023.05.13"]
[Round "5"]
[White "Slipak, Sergio"]
[Black "Fiorito, Joaquin"]
[Result "1/2-1/2"]
[WhiteElo "2400"]
[BlackElo "2405"]
[PlyCount "37"]
[EventDate "2023.05.09"]
[EventType "tourn"]
[EventRounds "9"]
[EventCountry "ARG"]
[EventCategory "7"]
[SourceTitle "CBM 214 Extra"]
[Source "ChessBase"]
[SourceDate "2023.07.31"]
[SourceVersion "1"]
[SourceVersionDate "2023.07.31"]
[SourceQuality "1"]

1. e4 c6 2. d4 d5 3. exd5 cxd5 4. Bd3 Nc6 5. c3 Nf6 6. Bf4 Bg4 7. Qb3 Qd7 8. Nd2 e6 9. Ngf3 Bd6 10. Bxd6 Qxd6 11. 0-0 0-0 12. Rfe1 Qc7 13. Ne5 Nxe5 14. Rxe5 Bh5 15. a4 Bg6 16. Bxg6 hxg6 17. g3 Rab8 18. h4 Qa5 19. Ree1 1/2-1/2

[Event "ARG-ch sf 98th"]
[Site "Buenos Aires"]
[Date "2023.05.07"]
[Round "9"]
[White "Slipak, Sergio"]
[Black "Navarro, Gustavo"]
[Result "1-0"]
[WhiteElo "2388"]
[BlackElo "2018"]
[PlyCount "65"]
[EventDate "2023.04.29"]
[EventType "swiss"]
[EventRounds "9"]
[EventCountry "ARG"]
[SourceTitle "EXT 2024"]
[Source "ChessBase"]
[SourceDate "2023.10.10"]
[SourceVersion "1"]
[SourceVersionDate "2023.10.10"]
[SourceQuality "1"]

1. d4 d5 2. c4 e6 3. Nf3 Nf6 4. Nc3 c6 5. Bg5 Be7 6. e3 0-0 7. Qc2 Nbd7 8. Rd1 a6 9. a3 dxc4 10. Bxc4 b5 11. Ba2 h6 12. Bf4 Nd5 13. Bb1 f5 14. Nxd5 cxd5 15. Bc7 Qe8 16. Qc6 Ra7 17. Qxe6+ Kh8 18. Qc6 b4 19. 0-0 Rf6 20. Qc2 Nf8 21. Be5 Rc6 22. Qb3 Be6 23. a4 Qc8 24. Qd3 Qe8 25. Bg3 Kh7 26. Ne5 Rc8 27. Ba2 g6 28. Bb3 Nd7 29. Rc1 Nb8 30. Rxc8 Qxc8 31. Qd2 Rc7 32. Nd3 Rc4 33. Bxc4 1-0

[Event "Mar del Plata op 52nd"]
[Site "Mar del Plata"]
[Date "2023.04.04"]
[Round "5"]
[White "Slipak, Sergio"]
[Black "Valerga, Diego"]
[Result "1/2-1/2"]
[WhiteElo "2388"]
[BlackElo "2431"]
[PlyCount "33"]
[EventDate "2023.04.01"]
[EventType "swiss"]
[EventRounds "9"]
[EventCountry "ARG"]
[SourceTitle "CBM 213 Extra"]
[Source "ChessBase"]
[SourceDate "2023.05.31"]
[SourceVersion "1"]
[SourceVersionDate "2023.05.31"]
[SourceQuality "1"]

1. e4 e6 2. d4 d5 3. exd5 exd5 4. Nf3 Nf6 5. Bd3 Bd6 6. Qe2+ Qe7 7. Qxe7+ Bxe7 8. Bf4 c6 9. c3 0-0 10. Nbd2 Nbd7 11. 0-0 Re8 12. Rfe1 Nf8 13. h3 Ng6 14. Bh2 Be6 15. Ng5 Bd7 16. Ngf3 Be6 17. Ng5 1/2-1/2

[Event "Vicente Lopez ProAm 100 Years op"]
[Site "Buenos Aires"]
[Date "2022.10.15"]
[Round "5"]
[White "Quiroga, Facundo"]
[Black "Slipak, Sergio"]
[Result "0-1"]
[WhiteElo "2260"]
[BlackElo "2378"]
[PlyCount "87"]
[EventDate "2022.10.11"]
[EventType "swiss"]
[EventRounds "9"]
[EventCountry "ARG"]
[SourceTitle "CBM 210 Extra"]
[Source "ChessBase"]
[SourceDate "2022.11.30"]
[SourceVersion "1"]
[SourceVersionDate "2022.11.30"]
[SourceQuality "1"]

1. e3 c5 2. Nf3 Nf6 3. b3 g6 4. Bb2 Bg7 5. c4 0-0 6. Be2 b6 7. 0-0 Bb7 8. d4 cxd4 9. Nxd4 Nc6 10. Bf3 Qc8 11. Na3 Nxd4 12. Bxd4 Rd8 13. Rc1 Bxf3 14. Qxf3 Qc6 15. Nb5 Qxf3 16. gxf3 Ne8 17. Rfd1 d6 18. Kf1 Bxd4 19. Nxd4 Rac8 20. f4 Kf8 21. f5 Nf6 22. fxg6 hxg6 23. Nb5 a6 24. Nc3 e6 25. a4 Ke7 26. Ne2 Rh8 27. Kg2 Rc5 28. h3 Rch5 29. Rh1 Rg5+ 30. Ng3 Rh4 31. f4 Rc5 32. Rc2 Rc8 33. Re2 a5 34. Rc2 Rc5 35. Rh2 g5 36. Kf3 gxf4 37. exf4 d5 38. Rce2 dxc4 39. bxc4 Rh8 40. Ne4 Rxc4 41. Nxf6 Kxf6 42. Re4 Rxe4 43. Kxe4 Rh4 44. Kf3 0-1

[Event "ARG-ch 96th"]
[Site "Buenos Aires"]
[Date "2022.06.10"]
[Round "9"]
[White "Slipak, Sergio"]
[Black "Perez Ponsa, Federico"]
[Result "0-1"]
[WhiteElo "2384"]
[BlackElo "2553"]
[PlyCount "66"]
[EventDate "2022.06.02"]
[EventType "swiss"]
[EventRounds "11"]
[EventCountry "ARG"]
[SourceTitle "CBM 208 Extra"]
[Source "ChessBase"]
[SourceDate "2022.07.31"]
[SourceVersion "1"]
[SourceVersionDate "2022.07.31"]
[SourceQuality "1"]

1. e4 c5 2. c4 Nc6 3. Nc3 g6 4. g3 Bg7 5. Bg2 a6 6. a4 d6 7. Nge2 h5 8. h3 h4 9. g4 f5 10. gxf5 gxf5 11. d3 fxe4 12. Nxe4 Bf5 13. N2c3 Nb4 14. Be3 Qd7 15. Kf1 Nf6 16. Qe2 0-0-0 17. Rd1 Kb8 18. d4 Nxe4 19. Nxe4 Qxa4 20. Nc3 Qb3 21. Kg1 cxd4 22. Bxd4 Bxd4 23. Rxd4 e5 24. Rd2 Nc2 25. Qd1 Rdg8 26. Rxd6 Qxc4 27. Qf3 Bc8 28. Kh2 Nd4 29. Qd5 Qd3 30. Rd1 Qf5 31. Rb6 Rxg2+ 32. Qxg2 Nf3+ 33. Kh1 Rg8 0-1

[Event "ARG-ch 96th"]
[Site "Buenos Aires"]
[Date "2022.06.06"]
[Round "5"]
[White "Peralta, Fernando"]
[Black "Slipak, Sergio"]
[Result "1/2-1/2"]
[WhiteElo "2600"]
[BlackElo "2384"]
[PlyCount "68"]
[EventDate "2022.06.02"]
[EventType "swiss"]
[EventRounds "11"]
[EventCountry "ARG"]
[SourceTitle "CBM 208 Extra"]
[Source "ChessBase"]
[SourceDate "2022.07.31"]
[SourceVersion "1"]
[SourceVersionDate "2022.07.31"]
[SourceQuality "1"]

1. d4 Nf6 2. c4 e6 3. Nc3 Bb4 4. e3 b6 5. Bd3 Bb7 6. Nf3 0-0 7. 0-0 c5 8. Na4 cxd4 9. exd4 Be7 10. Re1 d6 11. Bf4 Nbd7 12. Rc1 Rc8 13. Nc3 a6 14. a3 Re8 15. b4 Nf8 16. h3 Ng6 17. Be3 d5 18. c5 Ne4 19. Na4 bxc5 20. Nxc5 Bxc5 21. dxc5 e5 22. Bxe4 dxe4 23. Qxd8 Rexd8 24. Nd2 f5 25. Nc4 f4 26. Bd2 Rd4 27. Rcd1 Bc6 28. Nd6 Rf8 29. Bc3 Rxd1 30. Rxd1 e3 31. fxe3 fxe3 32. Re1 Rf2 33. Rxe3 Rxg2+ 34. Kf1 Ra2 1/2-1/2

[Event "ARG-ch 95th"]
[Site "Villa Martelli"]
[Date "2021.12.14"]
[Round "9"]
[White "Slipak, Sergio"]
[Black "Peralta, Fernando"]
[Result "0-1"]
[WhiteElo "2397"]
[BlackElo "2573"]
[PlyCount "130"]
[EventDate "2021.12.06"]
[EventType "tourn"]
[EventRounds "11"]
[EventCountry "ARG"]
[EventCategory "10"]
[SourceTitle "CBM 205 Extra"]
[Source "ChessBase"]
[SourceDate "2022.01.31"]
[SourceVersion "1"]
[SourceVersionDate "2022.01.31"]
[SourceQuality "1"]

1. c4 Nf6 2. Nc3 e6 3. e4 d5 4. cxd5 exd5 5. e5 Ne4 6. Nf3 Bf5 7. d4 Bb4 8. Bd2 Nxd2 9. Qxd2 0-0 10. Bd3 Be4 11. Bxe4 dxe4 12. Ng5 Nc6 13. 0-0-0 Nxd4 14. Nxh7 Bxc3 15. bxc3 Kxh7 16. cxd4 Qd5 17. Qc2 f5 18. f3 exf3 19. gxf3 c5 20. dxc5 Qxe5 21. Rhe1 Qf4+ 22. Kb1 Rae8 23. Qb3 Rxe1 24. Rxe1 Rc8 25. Rc1 Rd8 26. Rd1 Rxd1+ 27. Qxd1 Qb4+ 28. Qb3 Qxc5 29. Qxb7 Qg1+ 30. Kb2 Qxh2+ 31. Kb3 Qg1 32. Qd5 Qe3+ 33. Kc2 g6 34. f4 Qxf4 35. Qf7+ Kh6 36. Qxa7 g5 37. a4 g4 38. a5 g3 39. a6 Qf2+ 40. Qxf2 gxf2 41. a7 f1Q 42. a8Q Qe2+ 43. Kc1 Kg5 44. Qg8+ Kf4 45. Qg6 Qe1+ 46. Kc2 Qe4+ 47. Kd2 Kf3 48. Qh7 Qe2+ 49. Kc3 Qe3+ 50. Kc2 f4 51. Qh3+ Kf2 52. Qh4+ Qg3 53. Qe7 f3 54. Kd1 Qg4 55. Qc5+ Kg2 56. Ke1 Qe4+ 57. Kd2 f2 58. Qg5+ Kh2 59. Qh5+ Kg1 60. Qg5+ Qg2 61. Qc5 Qg4 62. Qa7 Qg5+ 63. Ke2 Qe5+ 64. Kf3 Qf6+ 65. Ke2 Qa6+ 0-1

[Event "ARG-ch 95th"]
[Site "Villa Martelli"]
[Date "2021.12.13"]
[Round "8"]
[White "Paveto, Kevin"]
[Black "Slipak, Sergio"]
[Result "1/2-1/2"]
[WhiteElo "2451"]
[BlackElo "2397"]
[PlyCount "118"]
[EventDate "2021.12.06"]
[EventType "tourn"]
[EventRounds "11"]
[EventCountry "ARG"]
[EventCategory "10"]
[SourceTitle "CBM 205 Extra"]
[Source "ChessBase"]
[SourceDate "2022.01.31"]
[SourceVersion "1"]
[SourceVersionDate "2022.01.31"]
[SourceQuality "1"]

1. e4 e6 2. d4 d5 3. Nd2 c5 4. Ngf3 Nc6 5. exd5 exd5 6. Bb5 Qe7+ 7. Be2 Qc7 8. 0-0 Nf6 9. dxc5 Bxc5 10. b3 0-0 11. Bb2 Qd6 12. Ne1 Ba3 13. Qc1 Bxb2 14. Qxb2 Re8 15. Bb5 Bf5 16. Nef3 Rac8 17. c4 Red8 18. Bxc6 Qxc6 19. Rac1 dxc4 20. Nxc4 Be4 21. Nfe5 Qa6 22. Rfd1 h6 23. h3 b5 24. Ne3 Rxc1 25. Rxc1 Qb6 26. Qa3 Re8 27. Qc5 Qxc5 28. Rxc5 Nd5 29. Nxd5 Rxe5 30. Rc8+ Kh7 31. Ne3 f5 32. Rc7 a6 33. f4 Re6 34. g4 fxg4 35. f5 Rc6 36. Re7 Bb1 37. hxg4 Bxa2 38. b4 Kg8 39. Kf2 Rd6 40. Kf3 Rd4 41. Re4 Rxe4 42. Kxe4 Kf7 43. Nd1 g6 44. fxg6+ Kxg6 45. Kf4 Bd5 46. Ne3 Be6 47. Ke5 Bc8 48. Kf4 Kf6 49. Nd5+ Ke6 50. Ne3 Kd6 51. Ke4 Kc6 52. Ke5 a5 53. bxa5 b4 54. Nc2 Kb5 55. a6 Bxa6 56. Kf6 Bc8 57. Kg6 Bxg4 58. Kxh6 Bf5 59. Nxb4 Kxb4 1/2-1/2

[Event "ARG-ch 95th"]
[Site "Villa Martelli"]
[Date "2021.12.08"]
[Round "3"]
[White "Tristan, Leonardo"]
[Black "Slipak, Sergio"]
[Result "1-0"]
[WhiteElo "2543"]
[BlackElo "2397"]
[PlyCount "101"]
[EventDate "2021.12.06"]
[EventType "tourn"]
[EventRounds "11"]
[EventCountry "ARG"]
[EventCategory "10"]
[SourceTitle "CBM 205 Extra"]
[Source "ChessBase"]
[SourceDate "2022.01.31"]
[SourceVersion "1"]
[SourceVersionDate "2022.01.31"]
[SourceQuality "1"]

1. d4 d5 2. Nf3 Nf6 3. Bf4 Bf5 4. e3 e6 5. c4 Bb4+ 6. Nbd2 0-0 7. a3 Bd6 8. Bxd6 Qxd6 9. c5 Qe7 10. Qb3 c6 11. Nh4 Ne4 12. Nxf5 exf5 13. Bd3 Nxd2 14. Kxd2 g6 15. Kc2 Qc7 16. Rac1 Nd7 17. Kb1 Nf6 18. g3 Rfe8 19. Qc2 Re6 20. Ka2 Rae8 21. Rb1 Ne4 22. b4 b5 23. cxb6 axb6 24. Rhc1 Rc8 25. Rb3 Qb7 26. Bxe4 fxe4 27. Rc3 b5 28. Rc5 Rf6 29. Rxd5 Rxf2 30. Qxf2 cxd5 31. Rc5 Rxc5 32. bxc5 Qa6 33. Qc2 Qc6 34. Kb3 Kf8 35. Kb4 Ke7 36. Qe2 Kd7 37. Qxb5 f5 38. h4 h6 39. Qxc6+ Kxc6 40. Kc3 Kc7 41. Kd2 Kb7 42. Ke2 Ka6 43. Kf2 Ka5 44. Kg2 Kb5 45. a4+ Ka5 46. Kh3 g5 47. hxg5 hxg5 48. g4 f4 49. exf4 gxf4 50. c6 Kb6 51. g5 1-0

[Event "American World Cup Q Prelim"]
[Site "Tornelo INT"]
[Date "2021.05.08"]
[Round "2"]
[White "Slipak, Sergio"]
[Black "Vazquez, Facundo"]
[Result "1-0"]
[WhiteElo "2402"]
[BlackElo "2199"]
[PlyCount "97"]
[EventDate "2021.05.08"]
[EventType "swiss (rapid)"]
[EventRounds "9"]
[EventCountry "USA"]
[SourceTitle "CBM 202 Extra"]
[Source "ChessBase"]
[SourceDate "2021.07.31"]
[SourceVersion "1"]
[SourceVersionDate "2021.07.31"]
[SourceQuality "1"]

1. d4 Nf6 2. Nf3 g6 3. c4 Bg7 4. Nc3 0-0 5. Bg5 d6 6. e3 b6 7. Be2 Bb7 8. Qc2 Nbd7 9. 0-0 Qc8 10. Rfd1 Re8 11. h3 c5 12. d5 h6 13. Bh4 a6 14. a4 Nh7 15. Bd3 Ne5 16. Nxe5 Bxe5 17. f4 Bg7 18. e4 e6 19. Rf1 exd5 20. cxd5 c4 21. Be2 b5 22. axb5 axb5 23. Rxa8 Bxa8 24. Kh1 Qb8 25. Bf3 Rc8 26. Ne2 b4 27. Rc1 Qb6 28. Qd2 Bb7 29. Be1 Ba6 30. Qxb4 Qxb4 31. Bxb4 Bxb2 32. Rc2 Bg7 33. Bxd6 g5 34. g3 Rd8 35. e5 f6 36. Nd4 fxe5 37. Bxe5 gxf4 38. Bxg7 Ng5 39. Bxh6 Nxf3 40. Nxf3 Rxd5 41. Bxf4 Rd3 42. Ne5 Bb7+ 43. Kg1 Rd1+ 44. Kf2 Rh1 45. Rxc4 Rxh3 46. Rc7 Bd5 47. Ng4 Be6 48. Nf6+ Kh8 49. Kg2 1-0

[Event "ARG-ch sf 95th"]
[Site "Buenos Aires"]
[Date "2020.02.29"]
[Round "8"]
[White "Slipak, Sergio"]
[Black "Llanos, Guillermo"]
[Result "1/2-1/2"]
[WhiteElo "2390"]
[BlackElo "2278"]
[PlyCount "22"]
[EventDate "2020.02.22"]
[EventType "swiss"]
[EventRounds "9"]
[EventCountry "ARG"]
[SourceTitle "CBM 195 Extra"]
[Source "ChessBase"]
[SourceDate "2020.05.31"]
[SourceVersion "1"]
[SourceVersionDate "2020.05.31"]
[SourceQuality "1"]

1. c4 c5 2. Nc3 Nc6 3. g3 g6 4. Bg2 Bg7 5. e4 Nf6 6. d3 0-0 7. Nge2 Ne8 8. Be3 Nd4 9. 0-0 d6 10. Qd2 e6 11. Bh6 Nxe2+ 1/2-1/2

[Event "ARG-ch sf 95th"]
[Site "Buenos Aires"]
[Date "2020.02.25"]
[Round "4"]
[White "Munoz, Francisco Javier"]
[Black "Slipak, Sergio"]
[Result "1/2-1/2"]
[WhiteElo "2357"]
[BlackElo "2390"]
[PlyCount "83"]
[EventDate "2020.02.22"]
[EventType "swiss"]
[EventRounds "9"]
[EventCountry "ARG"]
[SourceTitle "CBM 195 Extra"]
[Source "ChessBase"]
[SourceDate "2020.05.31"]
[SourceVersion "1"]
[SourceVersionDate "2020.05.31"]
[SourceQuality "1"]

1. e4 e6 2. d4 d5 3. Nd2 c5 4. exd5 exd5 5. Ngf3 Nc6 6. Bb5 cxd4 7. 0-0 Bd6 8. Re1+ Nge7 9. Nxd4 0-0 10. N2b3 Qc7 11. g3 Ne5 12. Bf1 Bg4 13. Be2 Bxe2 14. Rxe2 Qd7 15. Bf4 N7g6 16. Bxe5 Nxe5 17. Qf1 Nc4 18. c3 Rfe8 19. Rae1 g6 20. Nc1 Kf8 21. Nd3 Rxe2 22. Qxe2 Re8 23. Qxe8+ Qxe8 24. Rxe8+ Kxe8 25. Nb5 Bb8 26. b3 Nd6 27. Nd4 Ne4 28. Ne2 Bd6 29. f3 Nf6 30. Kf2 Kd7 31. Ke3 h5 32. h3 b6 33. g4 hxg4 34. hxg4 Bc5+ 35. Nd4 Kd6 36. g5 Bxd4+ 37. Kxd4 Nh7 38. f4 Nf8 39. Ke3 Ne6 40. Kf3 a5 41. Kg4 Nc5 42. Ne5 1/2-1/2